| 000 | 00390cam a2200157ua 4500 | ||
|---|---|---|---|
| 041 |
_aeng _h |
||
| 082 |
_a221 _bMAL/AM |
||
| 100 | _aMalachi-Job, . | ||
| 245 |
_aAmplified old testament, Part 2 / _cMalachi-Job. _hTextual Documents |
||
| 250 |
_a3 / _b. |
||
| 260 |
_a : _bZondervan publishing house , _c1962. |
||
| 300 | _a1213 ; . | ||
| 504 | _a | ||
| 942 | _cBK | ||
| 999 |
_c2238 _d2238 |
||